000 00292nam a22001337a 4500
008 170502b xxu||||| |||| 00| 0 eng d
020 _a9781416023142
041 _aeng
080 _25 ED
_a342
100 _a13
101 _aSHJ
245 _aPO;ICY POLITICS
_cMASON.D.J
942 _2udc
_cBK
999 _c12365
_d12365